|
|
|
|
| LEADER |
00000naa2a2200000 4500 |
| 001 |
386302 |
| 005 |
20231101063450.0 |
| 035 |
|
|
|a (RuTPU)RU\TPU\prd\14969
|
| 090 |
|
|
|a 386302
|
| 100 |
|
|
|a 20030609a2003 k y0rusy50 ca
|
| 101 |
0 |
|
|a rus
|
| 102 |
|
|
|a UA
|
| 200 |
1 |
|
|a Защита оборудования в системах десульфуризации дымовых газов
|f В. И. Шилов, А. А. Баранов, В. И. Никитин, М. И. Гавриленко
|
| 225 |
1 |
|
|a Переработка сырья и ресурсосбережения
|
| 320 |
|
|
|a Библиогр.: 9 назв.
|
| 461 |
|
1 |
|0 (RuTPU)RU\TPU\prd\1029
|x 0235-3482
|t Экотехнологии и ресурсосбережение
|o научно-технический журнал
|f Национальная академия наук Украины (НАНУ) ; Институт газа Украины
|d 1994-2008
|
| 463 |
|
1 |
|0 (RuTPU)RU\TPU\prd\14827
|t № 2
|v С. 35-39
|d 2003
|
| 610 |
1 |
|
|a десульфуризация
|
| 610 |
1 |
|
|a коррозия
|
| 610 |
1 |
|
|a нержавеющие стали
|
| 610 |
1 |
|
|a защитные покрытия
|
| 610 |
1 |
|
|a металлопокрытия
|
| 675 |
|
|
|a 620.193.5.1
|v 3
|
| 701 |
|
1 |
|a Шилов
|b В. И.
|
| 701 |
|
1 |
|a Баранов
|b А. А.
|
| 701 |
|
1 |
|a Никитин
|b В. И.
|
| 701 |
|
1 |
|a Гавриленко
|b М. И.
|
| 801 |
|
1 |
|a RU
|b 63413507
|c 20030609
|g PSBO
|
| 801 |
|
2 |
|a RU
|b 63413507
|c 20120412
|g PSBO
|
| 942 |
|
|
|c BK
|